The Australian guide to chairing meetings : the leading handbook on meeting procedure, ceremonial procedure and forms of address /
Đã lưu trong:
| 主要作者: | |
|---|---|
| 格式: | 圖書 |
| 語言: | English |
| 出版: |
St. Lucia Qld :
University of Queensland Press,
1998.
|
| 版: | Rev. edition. |
| 主題: | |
| 標簽: |
添加標簽
沒有標簽, 成為第一個標記此記錄!
|
| Thư viện lưu trữ: | Mạng thư viện Đại học Đà Nẵng |
|---|
| LEADER | 00944cam a2200325 i 4500 | ||
|---|---|---|---|
| 001 | 000046348 | ||
| 003 | 5811 | ||
| 005 | 20030217144314.0 | ||
| 008 | 010220|1998 vm 000 eng | ||
| 020 | |a 0702230103 | ||
| 040 | |a IRC |c IRC |d IRC | ||
| 041 | 0 | |a eng | |
| 082 | 1 | 4 | |a 658.4560994 |b PU-M |
| 100 | 1 | |a Puregger, Marjorie. | |
| 245 | 0 | 4 | |a The Australian guide to chairing meetings : |b the leading handbook on meeting procedure, ceremonial procedure and forms of address / |c Marjorie Puregger. |
| 250 | |a Rev. edition. | ||
| 260 | |a St. Lucia Qld : |b University of Queensland Press, |c 1998. | ||
| 300 | |a 141p. | ||
| 630 | 0 | 4 | |a Meetings. |
| 650 | 0 | 4 | |a Meetings |z Australia |v Handbooks, manuals, etc. |
| OWN | |a DUT | ||
| 999 | |a From the UDN01 | ||
| TYP | |a Monograph | ||
| TYP | |a Printed language | ||
| 980 | |a Mạng thư viện Đại học Đà Nẵng | ||


